Gianluigi Buffon - Statistics

Estatísticas Gerais
  • Esse quiz foi jogado 80 vezes
  • A pontuação média é 6 de 6
Estatísticas das Respostas
Anos Clubes % Correto
2001-2018 Juventus
100%
2019-2021 Juventus
100%
(Seleção)1997-2018 Itália
99%
1995-2001 Parma
94%
2021-2023 Parma
94%
2018-2019 PSG
86%
Nenhum quiz correspondente encontrado
Distribuição das Pontuações
Porcentagem de Pessoas com Cada Pontuação
Percentil de Números Respondidos
Sua Pontuação Histórica
Você não jogou esse quiz